Estatísticas para frases em francês

Clique aqui para jogar o quiz

Estatísticas Gerais

  • Esse quiz foi jogado 28 vezes
  • A pontuação média é 7 de 17

Estatísticas das Respostas

frasefrase% Correto
salutoi
72%
comment tu vas?como vai?
68%
ça va?como vai?
68%
comment allez-vous?como vai?
68%
vous allez bien?como está?
56%
como vai?(informal)ça va?
48%
oi (informal)salut
48%
como vai?(formal)comment allez vous?
36%
tu vas bien?você vai bem?
32%
como está?(formal)vous allez bien?
32%
bonne soiréetenha um bom dia
24%
Bonne Journéetenha um bom dia
24%
você vai bem?(informal)tu vas bien?
24%
tenha um bom dia (formal)bonne journée
20%
como vai? (informal)comment tu vas
20%
tenha um bom dia (informal)bonne soirée
12%
à demainaté de manhã
4%

Distribuição das Pontuações

Percentil de Números Respondidos

Porcentagem de Pessoas com Cada Pontuação

Sua Pontuação Histórica

Você não jogou esse quiz